V Certamen Literario de la Hora XXV. (Record no. 43171)

MARC details
000 -LEADER
campo de control de longitud fija 01590nam a2200361 i 4500
001 - NÚMERO DE CONTROL
campo de control 43171
003 - IDENTIFICADOR DE NÚMERO DE CONTROL
campo de control ES-MaACL
005 - FECHA Y HORA DE LA ÚLTIMA TRANSACCIÓN
campo de control 20230906160738.0
007 - CAMPO FIJO DE DESCRIPCIÓN FÍSICA--INFORMACIÓN GENERAL
campo de control de longitud fija t|
008 - DATOS DE LONGITUD FIJA--INFORMACIÓN GENERAL
campo de control de longitud fija 030317s1963 sp ||||1| spa d
245 00 - MENCIÓN DEL TÍTULO
Título V Certamen Literario de la Hora XXV.
260 ## - PUBLICACIÓN, DISTRIBUCIÓN, ETC.
Lugar de publicación, distribución, etc. Barcelona :
Nombre del editor, distribuidor, etc. Lye,
Fecha de publicación, distribución, etc. 1963.
300 ## - DESCRIPCIÓN FÍSICA
Extensión 308 p. ;
Dimensiones 24 cm.
505 8# - NOTA DE CONTENIDO CON FORMATO
Nota de contenido con formato Contiene: En el cerrado de los luceros / Salvador Fernández Alvarez. Más grande que la vida misma / Antonio Planas Utrilla. El segundo decisivo / José Massot Gimeno. La ventana / Eduardo de Castro Pastor. El viento borró todas las huellas / José López Sánchez. El hombre de las estrellas / Antonio Campoy Ibañez. La vida empieza a las once y media / Luis Gutiérrez Trueba. Ana Sánchez / Luis Gutiérrez Trueba. La flor del diablo / Rafael Velasco
700 1# - ENTRADA AGREGADA--NOMBRE PERSONAL
Nombre de persona Fernández Alvarez, Salvador.
9 (RLIN) 49459
700 1# - ENTRADA AGREGADA--NOMBRE PERSONAL
Nombre de persona Planas Utrilla, Antonio.
9 (RLIN) 92533
700 1# - ENTRADA AGREGADA--NOMBRE PERSONAL
Nombre de persona Massot Gimeno, José.
9 (RLIN) 78858
700 1# - ENTRADA AGREGADA--NOMBRE PERSONAL
Nombre de persona Castro Pastor, Eduardo de.
9 (RLIN) 36946
700 1# - ENTRADA AGREGADA--NOMBRE PERSONAL
Nombre de persona López Sánchez, José.
9 (RLIN) 73957
700 1# - ENTRADA AGREGADA--NOMBRE PERSONAL
Nombre de persona Campoy Ibañez, Antonio.
9 (RLIN) 34296
700 1# - ENTRADA AGREGADA--NOMBRE PERSONAL
Nombre de persona Gutiérrez Trueba, Luis.
9 (RLIN) 61231
700 1# - ENTRADA AGREGADA--NOMBRE PERSONAL
Nombre de persona Velasco, Rafael.
9 (RLIN) 113737
740 0# - ENTRADA AGREGADA--TÍTULO RELACIONADO/ANALÍTICO NO CONTROLADO
Título relacionado o analítico no controlado En el cerrado de los luceros.
740 0# - ENTRADA AGREGADA--TÍTULO RELACIONADO/ANALÍTICO NO CONTROLADO
Título relacionado o analítico no controlado Más grande que la vida misma.
740 3# - ENTRADA AGREGADA--TÍTULO RELACIONADO/ANALÍTICO NO CONTROLADO
Título relacionado o analítico no controlado El segundo decisivo.
740 3# - ENTRADA AGREGADA--TÍTULO RELACIONADO/ANALÍTICO NO CONTROLADO
Título relacionado o analítico no controlado La ventana.
740 3# - ENTRADA AGREGADA--TÍTULO RELACIONADO/ANALÍTICO NO CONTROLADO
Título relacionado o analítico no controlado El viento borró todas las huellas.
740 3# - ENTRADA AGREGADA--TÍTULO RELACIONADO/ANALÍTICO NO CONTROLADO
Título relacionado o analítico no controlado El hombre de las estrellas.
740 3# - ENTRADA AGREGADA--TÍTULO RELACIONADO/ANALÍTICO NO CONTROLADO
Título relacionado o analítico no controlado La vida empieza a las once y media.
740 0# - ENTRADA AGREGADA--TÍTULO RELACIONADO/ANALÍTICO NO CONTROLADO
Título relacionado o analítico no controlado Ana Sánchez.
740 3# - ENTRADA AGREGADA--TÍTULO RELACIONADO/ANALÍTICO NO CONTROLADO
Título relacionado o analítico no controlado La flor del diablo.
852 ## - LOCALIZACIÓN
Ubicación ES-MaACL
Número de control de estantería C-24352
Sublocalización o colección R.52493
Holdings
Estatus retirado Estado de pérdida Estado de daño No para préstamo Biblioteca de origen Biblioteca actual Ubicación en estantería Fecha de adquisición Fuente de adquisición Total de préstamos Signatura topográfica completa Código de barras Visto por última vez Precio de reemplazo Tipo de ítem Koha
        Biblioteca del Ateneo de Madrid Biblioteca del Ateneo de Madrid Depósito 2 17/01/2008     C-24352 1045441 23/02/2023 23/02/2023 Libro impreso